000 01079nam a2200241 a 4500
001 44468
003 BD-RjUL
005 20211209053849.0
008 160717s1972 ii ||||| |||| 00| 0 ben d
035 _a(BD-RjUL)44586
040 _aBD-RjUL
_bben
_cBD-RjUL
041 _aben
082 _223
_a891.44109
_bMUM 1972
100 _aমুখোপাধ্যায়, দুর্গাশঙ্কর
_9118070
245 1 0 _aমোহিতলালের কাব্য ও কবিমানস /
_cদুর্গাশঙ্কর মুখোপাধ্যায়
250 _a১ম সং.
260 _aকলকাতা :
_bকরুনা প্রকাশনী,
_c১৯৭২ [১৩৭৯]
300 _axxxi, ৩৯২ পৃ.;
_c২১ সেমি.
504 _aIncludes bibliographies
600 _aMajumdar, Mohitlal,
_xCriticism and interpretation
_d1888-1952
_9136465
600 _aমজুমদার, মহিতলাল,
_xসমালোচনা ও ব্যাখ্যা
_d১৮৮৮-১৯৫২
_9136466
942 _2ddc
_cBK
_02
999 _c44468
_d44468